000 00392 a2200169 4500
999 _c313909
_d313909
001 78836
003 NUST
005 20180119144138.0
008 180119b xxu||||| |||| 00| 0 eng d
020 _a9698031162
082 _a340.115 NAS
100 _aNasim Hasan Shah
_99110
245 _aLaw Justice and Islam
_hEnglish
250 _a1
260 _aLahore
_bWajidalis
_c1989
300 _axv 192
500 _aGeneral Books
505 _aGifted Books
942 _aCAE NUST
_cBK
_k340.115 NAS
_2ddc